00374nam a2200157 a 450000100060000000300090000600800410001502000150005604000280007110000160009924500210011526000340013630000100017049000130018065000230019318096CO-ViMGA141112s2004 ck r 000 u spa d a9582401788 aCO-ViMGAbspacCO-ViMGA1 aDahl, Roald10aEl dedo mágico aBogotá, cAlfaguara, c2002 a74.p. aInfantil14aCUENTOS INFANTILES